Online
Catalog

La situación del empleo enla zona urbana en junio de 1980 / : (Record no. 28216)

MARC details
000 -CABECERA
campo de control de longitud fija 00863nam a2200229 a 4500
001 - NÚMERO DE CONTROL
campo de control 000028724
003 - IDENTIFICADOR DEL NÚMERO DE CONTROL
campo de control DO-SdBNP
005 - FECHA Y HORA DE LA ÚLTIMA TRANSACCIÓN
campo de control 20250604120842.0
008 - DATOS DE LONGITUD FIJA--INFORMACIÓN GENERAL
campo de control de longitud fija 110330s1982 dr a 000 0 spa d
040 ## - FUENTE DE LA CATALOGACIÓN
Centro catalogador/agencia de origen DO-SdBNP
Lengua de catalogación spa
Centro/agencia transcriptor BNPHU
082 #4 - NÚMERO DE LA CLASIFICACIÓN DECIMAL DEWEY
Número de clasificación 331.125097293
Número de documento/Ítem S623e
Número de edición 22
245 03 - MENCIÓN DE TÍTULO
Título La situación del empleo enla zona urbana en junio de 1980 / :
Resto del título (resultado de la encuesta nacional urbana de mano de obra).
260 ## - PUBLICACIÓN, DISTRIBUCIÓN, ETC.
Lugar de publicación, distribución, etc. Santo Domingo :
Nombre del editor, distribuidor, etc. ONE,
Fecha de publicación, distribución, etc. 1982.
300 ## - DESCRIPCIÓN FÍSICA
Extensión 149 p. ;
Dimensiones 27 cm.
500 ## - NOTA GENERAL
Nota general Incluye cuestionario empleado en la encuesta nacional urbana de mano de obra.
590 ## - NOTA LOCAL (RLIN)
Nota local Inventariado, 2018/VM
650 #0 - PUNTO DE ACCESO ADICIONAL DE MATERIA--TÉRMINO DE MATERIA
Término de materia o nombre geográfico como elemento de entrada Mercado de trabajo
Subdivisión geográfica República Dominicana
9 (RLIN) 19058
650 #4 - PUNTO DE ACCESO ADICIONAL DE MATERIA--TÉRMINO DE MATERIA
Término de materia o nombre geográfico como elemento de entrada Desempleados
Subdivisión geográfica República Dominicana
9 (RLIN) 55713
650 #4 - PUNTO DE ACCESO ADICIONAL DE MATERIA--TÉRMINO DE MATERIA
Término de materia o nombre geográfico como elemento de entrada Subempleo
Subdivisión geográfica República Dominicana
9 (RLIN) 55714
910 ## - DATOS DE OPCIÓN DEL USUARIO (OCLC)
Datos de opción del usuario Validado. Control de calidad MFF
942 ## - ELEMENTOS DE PUNTO DE ACCESO ADICIONAL (KOHA)
Fuente del sistema de clasificación o colocación Dewey Decimal Classification
Tipo de ítem Koha Libro
Holdings
Estado de retiro Estado de pérdida No para préstamo Código de colección Localización permanente Ubicación/localización actual Ubicación en estantería Fecha de adquisición Número de inventario Total de préstamos Signatura topográfica completa Código de barras Fecha visto por última vez Precio válido a partir de Tipo de ítem Koha
    Excluido de préstamo Patrimonio Dominicano Patrimonio Dominicano Patrimonio Dominicano Depósito 11.04.2011 LF1   331.125097293 S623e 28724-10 25.06.2020 25.06.2020 Libro y Folleto Colección Patrimonio Dominicano
  Extraviado Excluido de préstamo Patrimonio Dominicano Patrimonio Dominicano Patrimonio Dominicano Extraviado 08.06.2011 LF1   Extraviado 28724-20 25.06.2020 25.06.2020 Libro y Folleto Colección Patrimonio Dominicano

Powered by Koha